Statistics for Answers Contain "Sound"

Click here to take the quiz!

General Stats

  • This quiz has been taken 122 times
  • The average score is 8 of 17

Answer Stats

HintAnswer% Correct
The music to a filmsoundtrack
95%
The von Trapp family in AustriaThe Sound of {Music}
81%
What Chuck Yeager broke in his X-1 aircraftsound barrier
80%
Hello darkness, my old friendThe Sound of {Silence}
74%
A short clip of audio extracted from a longer piecesound bite
60%
What acoustic panels aim to do to a roomsoundproof
57%
Seattle borders this body of water.Puget Sound
51%
High-frequency waves, sometimes used in imagingultrasound
51%
Panel that controls levels during a recording sessionsoundboard
47%
Influential grunge rock band from SeattleSoundgarden
46%
Phil Spector's trademark style of recording{Wall} of Sound
35%
Beach Boy Brian Wilson's masterpiecePet Sounds
33%
Web site that is like the YouTube of musicians' audioSound{cloud}
30%
Low-frequency waves, like whale songsinfrasound
18%
App like Shazam that identifies music playing in a roomSound{hound}
14%
1988 Pink Floyd live albumA Delicate Sound of {Thunder}
13%
LCD Soundsystem's acclaimed 2007 albumSound of {Silver}
7%

Score Distribution

Percentile by Number Answered

Percent of People with Each Score

Your Score History

You have not taken this quiz